000
00296nam a22001337a 4500
008
171228b xxu||||| |||| 00| 0 eng d
020
_a
9781428342064
041
_a
eng
080
_a
004
100
_a
30
101
_a
SHKI
245
_a
ADOBE PHOTOSHOP CS2 BASICS
_c
BARKSDALE
942
_2
udc
_c
BK
999
_c
39553
_d
39553